Music Quiz

Random Music or Song Quiz
Score 0/175 Timer 20:00
0 Plays Today
% Correct
Titanium (feat. Sia)
76.6%
Nothing
71.4%
Sexy Bitch (feat. Akon)
68.1%
When Love Takes Over(feat. Kelly Rowland)
59.6%
Dangerous (feat. Sam Martin)
59.6%
Lovers on the Sun (feat. Sam Martin)
57.4%
Turn Me On (feat. Nicki Minaj)
55.3%
She Wolf (Falling to Pieces) (feat. Sia)
55.3%
Hey Mama (feat. Nicki Minaj, Bebe Rexha & Afrojack)
55.3%
Just a Little More Love (feat. Chris Willis)
53.2%
Love Is Gone (with Chris Willis)
53.2%
Where Them Girls At (feat. Flo Rida & Nicki Minaj)
53.2%
Sunshine (with Avicii)
53.2%
Bad (with Showtek feat. Vassy)
53.2%
Little Bad Girl (feat. Taio Cruz & Ludacris)
51.1%
Let's Love (with Sia)
50%
One Love (feat. Estelle)
46.8%
Flames (with Sia)
46.8%
Love Don't Let Me Go (feat. Chris Willis)
44.7%
You (feat. Chris Willis)
44.7%
Gettin' Over (feat. Chris Willis)
44.7%
Without You (feat. Usher)
44.7%
Play Hard (feat. Ne-Yo &Akon)
44.7%
Like I Do (with Martin Garrix & Brooks)
44.7%
Stay (Don't Go Away) [feat. Raye]
43.2%
Kill Me Slow
42.9%
Dimitri Vegas & Like Mike - Instagram (feat. Daddy Yankee, Afro Bros & Natti Natasha)
42.9%
Stay (feat. Chris Willis)
42.6%
Memories (feat. Kid Cudi)
42.6%
I Gotta Feeling - FMIF Remix (by The Black Eyed Peas)
42.6%
Who's That Chick? (feat. Rihanna)
42.6%
Commander (feat. Kelly Rowland)
40.4%
I Can Only Imagine (feat. Chris Brown & Lil Wayne)
40.4%
Listen (feat. John Legend)
40.4%
So Far Away (with Martin Garrix feat. Jamie Scott & Romy Dya)
38.3%
The Alphabeat
36.2%
Shot Me Down (feat. Skylar Grey)
36.2%
Don't Leave Me Alone (feat. Anne-Marie)
36.2%
Goodbye (with Jason Derulo feat. Nicki Minaj & Willy William)
36.2%
2U (feat. Justin Bieber)
36.2%
Flo Rida - Club Can't Handle Me
36.2%
Detroit 3 AM (with MORTEN)
35.5%
The World Is Mine (feat. JD Davis)
34%
Gettin' Over You (with Chris Willis feat. Fergie & LMFAO)
34%
GRRRR
34%
Sweat (vs. Snoop Dogg)
34%
Metropolis (with Nicky Romero)
34%
Toy Story
34%
Jump (with GLOWINTHEDARK)
32.3%
Sexy 17 (feat. Juan Rozof)
31.9%
Money (feat. Chris Willis & Moné)
31.9%
Time (feat. Chris Willis)
31.9%
Baby When the Light (feat. Cozi)
31.9%
Just One Last Time (feat. Taped Rai)
31.9%
Lunar (with Afrojack)
31.9%
Say My Name (with Bebe Rexha & J Balvin)
31.9%
133
29.8%
The Future (with Afrojack)
29.8%
Light My Body Up (feat. Nicki Minaj & Lil Wayne)
29.8%
% Correct
Your Love (with Showtek)
29.8%
Never Be Alone (with MORTEN ft. Aloe Blacc)
29%
Bombardment
28.6%
People Come People Go (feat. Chris Willis)
27.7%
Lately
27.7%
ACDC
27.7%
Delirious (feat. Tara McDonald)
27.7%
What I Did for Love (feat. Emeli Sandé)
27.7%
This One's For You (feat. Zara Larsson)
27.7%
Dirty Sexy Money (with Afrojack feat. Charli XCX & French Montana)
27.7%
Metro Music
25.5%
Paris
25.5%
Glasgow
25.5%
Bang My Head (feat. Sia)
25.5%
Pelican
25.5%
Pelican
25.5%
Would I Lie to You (with Cedric Gervais & Chris Willis)
25.5%
Mad Love (with Sean Paul feat. Becky G)
25.5%
Atomic Food (feat. Chris Willis)
23.4%
Every Chance We Get We Run (with Alesso feat. Tegan and Sara)
23.4%
Drive (with Black Coffee feat. Delilah Montagu)
23.4%
Complicated (with Dimitri Vegas & Like Mike feat. Kiiara)
23.4%
Rihanna - Right Now
23.4%
Ring The Alarm (with Nicky Romero)
22.7%
Thing For You (with Martin Solveig)
22.6%
Make It To Heaven (with MORTEN & RAYE)
22.6%
Never Take Away My Freedom (with Chris Willis)
21.3%
Toyfriend (with Afrojack feat. Wynter Gordon)
21.3%
I Just Wanna F (with Afrojack feat. Timbaland & Dev)
21.3%
Repeat (feat. Jessie J)
21.3%
Sun Goes Down (feat. Magic!, Sonny Wilson & Showtek)
21.3%
Better When You're Gone (with Brooks & Loote)
20.5%
Tomorrow Can Wait (with Chris Willis vs. Tocadisco)
19.1%
This Is Not A Love Song (feat. JD Davis)
19.1%
On the Dancefloor (feat. will.i.am & apl.de.ap)
19.1%
Crank It Up (feat. Akon)
19.1%
Wild One Two (Jack Back feat. David Guetta, Nicky Romero & Sia)
19.1%
Dreams
19.1%
Yesterday (feat. Bebe Rexha)
19.1%
The Whisperer (feat. Sia)
19.1%
Blast Off (with Kaz James)
19.1%
Motto (with Steve Aoki feat. Lil Uzi Vert, G-Eazy & Mally Mall)
19.1%
Grenade
19.1%
Ain't a Party (with GLOWINTHEDARK feat. Harrison)
19.1%
Give Me Something (Deep in My Heart) (feat. Chris Willis)
17%
It's Alright (Preaching Paris) (feat. Barbara Tucker)
17%
Distortion (feat. Chris Willis)
17%
Just for One Day (Heroes) (vs. David Bowie)
17%
Open Your Eyes (feat. Stereo MCs)
17%
In Love with Myself (feat. JD Davis)
17%
Movement Girl (feat. James Perry)
17%
Get Up (feat. Chris Willis)
17%
Last Train (feat. Miss Thing)
17%
Do Something Love (feat. Juliet)
17%
How Soon Is Now (with Sebastian Ingrosso & Dirty South feat. Julie McKnight)
17%
Freak (by Estelle feat. Kardinal Offishall)
17%
Nothing Really Matters (feat. will.i.am)
17%
Night of Your Life (feat. Jennifer Hudson)
17%
In My Head (with Daddy's Groove feat. NERVO)
17%
% Correct
Goodbye Friend (feat. The Script)
17%
Battle (feat. Faouzia)
17%
Inferno
17%
Back and Forth
17%
Another Life (with Afrojack feat. Ester Dean)
17%
Ludacris - Rest of My Life
17%
Used To Be The One (feat. Chris Willis)
14.9%
Higher (feat. Chris Willis)
14.9%
Everytime We Touch (with Chris Willis, Steve Angello & Sebastian Ingrosso)
14.9%
Joan of Arc (feat. Thailand)
14.9%
Missing You (feat. Novel)
14.9%
Choose (feat. Ne-Yo & Kelly Rowland)
14.9%
Sound of Letting Go (with Tocadisco feat. Chris Willis)
14.9%
If We Ever (feat. Makeba)
14.9%
Louder than Words (with Afrojack feat. Niles Mason)
14.9%
What The F***
14.9%
Clap Your Hands (with GLOWINTHEDARK)
14.9%
Shed a Light (with Robin Schulz feat. Cheat Codes)
14.9%
Jessie J - LaserLight
14.9%
Odyssey
14.3%
Pa' La Cultura
14.3%
Can't U Feel the Change (feat. Chris Willis)
12.8%
You Are the Music (feat. Chris Willis)
12.8%
Winner of the Game (feat. JD Davis)
12.8%
You're Not Alone (feat. Tara McDonald)
12.8%
Always (feat. JD Davis)
12.8%
It's the Way You Love Me (feat. Kelly Rowland)
12.8%
I Wanna Go Crazy (feat. will.i.am)
12.8%
Acapella (by Kelis)
12.8%
S.T.O.P (feat. Ryan Tedder)
12.8%
The Death of EDM (with Showtek feat. Beardyman)
12.8%
I'm that Bitch (feat. Saweetie)
12.8%
Think Think Think
12.8%
Orion
12.8%
What 2 Say
12.8%
Helium (with Afrojack vs Sia)
12.8%
Don't Be Afraid (with Chris Willis)
10.6%
Revolver (vs. Madonna feat. Lil Wayne)
10.6%
I'll Keep Loving You (feat. Birdy & Jaymes Young)
10.6%
Rise (feat. Skylar Grey)
10.6%
Overtone
10.6%
Afterglow
10.6%
K'naan - Wavin' Flag (Celebration Mix)
10.6%
This Ain't Techno (with Tom Staar)
9.5%
Obsession (feat. JD Davis & Miss B)
8.5%
No Money No Love (with Showtek feat. Elliphant & Ms. Dynamite)
8.5%
Lift Me Up (feat. Nico & Vinz & Ladysmith Black Mambazo)
8.5%
Blame It on Love (feat. Madison Beer)
8.5%
She Knows How to Love Me (feat. Jess Glynne & Stefflon Don)
8.5%
Para que te Quedes (feat. J Balvin)
8.5%
Let It Be Me (feat. Ava Max)
8.5%
Light Headed (with Sia)
8.5%
Freedom (with CeCe Rogers)
8.5%
No Worries (with Disciples)
8.5%
Versace on the Floor (vs. Bruno Mars)
8.5%
Ice Cold (with Netsky)
8.5%
Reach for Me
6.4%
Remove Ads.
Support Sporcle.
Get the best of Sporcle when you Go Orange. This ad-free experience offers more features, more stats, and more fun while also helping to support Sporcle. Thank you for becoming a member.

You're not logged in!

Compare scores with friends on all Sporcle quizzes.
OR
Log In

Show Comments

Extras

Top Quizzes Today


Score Distribution

Your Account Isn't Verified!

In order to create a playlist on Sporcle, you need to verify the email address you used during registration. Go to your Sporcle Settings to finish the process.

Report this User

Report this user for behavior that violates our Community Guidelines.

Details: